Старинные часы XVI - XIX вв.: путеводитель
| Autor corporatiu: | |
|---|---|
| Sumari: | Загл. на доп.тит.л.: Antique timepieces of the 16th to the 19th century. Текст парал. :рус.,англ. |
| Idioma: | rus anglès |
| Publicat: |
Москва, Изобразительное искусство, 1990
|
| Matèries: | |
| Format: | Llibre |
| KOHA link: | https://koha.lib.tpu.ru/cgi-bin/koha/opac-detail.pl?biblionumber=191909 |
MARC
| LEADER | 00000nam0a2200000 4500 | ||
|---|---|---|---|
| 001 | 191909 | ||
| 005 | 20231101224401.0 | ||
| 010 | |a 5852001287 | ||
| 020 | |a RU |b 91-41148 | ||
| 035 | |a (RuTPU)RU\TPU\book\209274 | ||
| 090 | |a 191909 | ||
| 100 | |a 20110214d1990 km y0rusy5003 ca | ||
| 101 | 0 | |a rus |a eng | |
| 102 | |a RU | ||
| 105 | |a a z 000zy | ||
| 200 | 1 | |a Старинные часы XVI - XIX вв. |e путеводитель |f Государственная Оружейная палата | |
| 210 | |a Москва |c Изобразительное искусство |d 1990 | ||
| 215 | |a [17] с. |c ил. | ||
| 300 | |a Загл. на доп.тит.л.: Antique timepieces of the 16th to the 19th century. | ||
| 300 | |a Текст парал. :рус.,англ. | ||
| 500 | 1 | 0 | |a Antique timepieces of the 16th to the 19th century |
| 606 | 1 | |a Старинные часы |2 stltpush |3 (RuTPU)RU\TPU\subj\56814 |9 74704 | |
| 610 | 1 | |a часы художественные | |
| 610 | 1 | |a Западная Европа | |
| 610 | 1 | |a 16 век | |
| 610 | 1 | |a 17 век | |
| 610 | 1 | |a 18 век | |
| 610 | 1 | |a 19 век | |
| 610 | 1 | |a часовая промышленность | |
| 610 | 1 | |a часовое производство | |
| 610 | 1 | |a часовые механизмы | |
| 610 | 1 | |a музейные собрания | |
| 675 | |a 681.11 |v 3 | ||
| 712 | 0 | 2 | |a Оружейная палата |c Государственный историко-культурный музей |c (Москва) |2 stltpush |3 (RuTPU)RU\TPU\col\17523 |9 26671 |
| 801 | 0 | |a RU |b RuMRKP |c 19960705 |g psbo | |
| 801 | 1 | |a RU |b 63413507 |c 20110214 | |
| 801 | 2 | |a RU |b 63413507 |c 20140213 |g RCR | |
| 942 | |c BK | ||